000
00227nam a22001097a 4500
082
_a
939.8 LAN'T
100
_a
LANE POOLE STANTLY
_9
57682
245
_a
TURKEY
260
_a
LAHORE
_b
UNITED
_c
1968
300
_a
295P
942
_c
BK
999
_c
567954
_d
567954